[Event "Amager Aabne Klubmesterskab G1 2015"]
[Site "Sundbyoster"]
[Date "2015.01.20"]
[Round "1"]
[White "Lontoft, Sven"]
[Black "Brorsen, Jacob Abildlund"]
[Result "0-1"]
[WhiteElo "1726"]
[BlackElo "2109"]
[PlyCount "68"]
[EventDate "2015.??.??"]

1. e4 c5 2. Nf3 d6 3. d4 cxd4 4. Nxd4 Nf6 5. Nc3 a6 6. Be2 e5 7. Nf3 Be7 8. O-O
O-O 9. Be3 b5 10. Nd2 Be6 11. f4 exf4 12. Bxf4 Nc6 13. Bf3 Ne5 14. Nd5 Nxf3+
15. Qxf3 Bxd5 16. exd5 Rc8 17. Rac1 Rc5 18. c4 bxc4 19. Rxc4 Rxd5 20. Rc6 Qa5
21. Qe2 Qb5 22. Qc4 Qxb2 23. Rb1 Qd4+ 24. Kh1 a5 25. Re1 Qxc4 26. Nxc4 Ne4 27.
Nxa5 Bf6 28. Nc4 Nf2+ 29. Kg1 Nd3 30. Re4 Rb8 31. Kf1 g5 32. Rxd6 Rb1+ 33. Ke2
Nxf4+ 34. Rxf4 Rxd6 0-1

[Event "Amager Aabne Klubmesterskab G1 2015"]
[Site "Sundbyoster"]
[Date "2015.01.20"]
[Round "1"]
[White "Hansen, John Laurids"]
[Black "Petersen, Nils"]
[Result "0-1"]
[WhiteElo "1812"]
[BlackElo "1909"]
[PlyCount "44"]
[EventDate "2015.??.??"]

1. e4 c5 2. Nf3 e6 3. d4 cxd4 4. Nxd4 Nc6 5. Nc3 a6 6. Be2 Qc7 7. O-O Nf6 8.
Be3 Bb4 9. Nxc6 bxc6 10. Qd3 O-O 11. f4 d5 12. e5 Nd7 13. a3 Be7 14. Rf3 f5 15.
Na4 c5 16. c3 a5 17. Qd2 Ba6 18. Bd1 Bb5 19. b4 axb4 20. axb4 Qc6 21. Qc2 Ra6
22. bxc5 Nxc5 0-1

[Event "Amager Aabne Klubmesterskab G1 2015"]
[Site "Sundbyoster"]
[Date "2015.01.20"]
[Round "1"]
[White "Varming, Thomas"]
[Black "Lunding, Peter M"]
[Result "1/2-1/2"]
[WhiteElo "1838"]
[BlackElo "1878"]
[PlyCount "51"]
[EventDate "2015.??.??"]

1. d4 d5 2. c4 e6 3. Nc3 Nf6 4. Nf3 c6 5. Bg5 Nbd7 6. e3 Qa5 7. Nd2 dxc4 8.
Bxf6 Nxf6 9. Bxc4 Bb4 10. Qc2 Nd5 11. Rc1 Nxc3 12. bxc3 Be7 13. O-O Bd7 14. e4
O-O 15. e5 Rac8 16. Rfe1 c5 17. d5 exd5 18. Bxd5 Bc6 19. Bxc6 Rxc6 20. Rcd1 Rd8
21. Nc4 Qc7 22. Rxd8+ Qxd8 23. Rd1 Qb8 24. Rd7 Rc7 25. Rd1 g6 26. g3 1/2-1/2

[Event "Amager Aabne Klubmesterskab G1 2015"]
[Site "Sundbyoster"]
[Date "2015.02.03"]
[Round "2"]
[White "Petersen, Nils"]
[Black "Lontoft, Sven"]
[Result "1-0"]
[WhiteElo "1909"]
[BlackElo "1726"]
[PlyCount "47"]
[EventDate "2015.??.??"]

1. c4 f5 2. g3 Nf6 3. Bg2 e6 4. Nf3 Nc6 5. O-O Be7 6. d3 O-O 7. Nc3 d5 8. Bf4
dxc4 9. dxc4 Bd6 10. Bxd6 Qxd6 11. Nb5 Qe7 12. a3 e5 13. e3 Be6 14. Qe2 Ne4 15.
Nc3 Nxc3 16. bxc3 Rad8 17. Nd2 e4 18. f3 Rd3 19. fxe4 Rfd8 20. Ra2 Qc5 21. exf5
Rxe3 22. Qf2 Bf7 23. Ne4 Qb6 24. Rb2 1-0

[Event "Amager Aabne Klubmesterskab G1 2015"]
[Site "Sundbyoster"]
[Date "2015.02.03"]
[Round "2"]
[White "Frank Nielsen, Marie"]
[Black "Hansen, John Laurids"]
[Result "1/2-1/2"]
[WhiteElo "1887"]
[BlackElo "1812"]
[PlyCount "87"]
[EventDate "2015.??.??"]

1. e4 e5 2. Nf3 Nc6 3. Bb5 a6 4. Ba4 Nf6 5. d3 b5 6. Bb3 d6 7. c3 Be7 8. a4 Bb7
9. O-O O-O 10. Re1 h6 11. Nbd2 Re8 12. Nf1 Bf8 13. Ne3 Ne7 14. Bd2 c5 15. axb5
axb5 16. c4 Qb6 17. Rc1 Bc6 18. Nh4 b4 19. Qf3 Bd7 20. Nef5 Nxf5 21. Nxf5 Nh7
22. h4 Qd8 23. g3 Qf6 24. Bd1 Ra2 25. Rb1 Rea8 26. Ne3 Qxf3 27. Bxf3 Nf6 28.
Kg2 Be7 29. Rec1 Ba4 30. Nf5 Bf8 31. g4 Kh7 32. g5 Ng8 33. gxh6 g6 34. Ng3 Bxh6
35. Be3 Nf6 36. h5 Kg7 37. hxg6 fxg6 38. Nf1 Bd7 39. Bxh6+ Kxh6 40. Ne3 Kg7 41.
Kf1 Rh8 42. Ke2 Be6 43. Rg1 Kf7 44. Bg4 1/2-1/2

[Event "Amager Aabne Klubmesterskab G1 2015"]
[Site "Sundbyoster"]
[Date "2015.03.03"]
[Round "4"]
[White "Moller, Arne Vagn"]
[Black "Hansen, John Laurids"]
[Result "0-1"]
[WhiteElo "1816"]
[BlackElo "1812"]
[PlyCount "138"]
[EventDate "2015.??.??"]

1. e4 e5 2. Nf3 Nc6 3. Bb5 a6 4. Ba4 Nf6 5. O-O Be7 6. d3 b5 7. Bb3 d6 8. c3
Na5 9. Bc2 c5 10. h3 O-O 11. Be3 Nc6 12. Nbd2 Bd7 13. Nh2 Qc7 14. f4 exf4 15.
Bxf4 Ne5 16. d4 cxd4 17. cxd4 Ng6 18. Be3 Rac8 19. Bd3 Qb7 20. Qe2 Bc6 21. d5
Bd7 22. Nhf3 Nh5 23. Bf2 Nhf4 24. Qe3 Bf6 25. Rab1 Rfe8 26. Nb3 Nxd5 27. Qd2
Ndf4 28. Na5 Qa8 29. Bg3 Nxd3 30. Qxd3 Be6 31. a3 Bd8 32. Qd2 Qxe4 33. Rbe1
Bb6+ 34. Kh2 Qc2 35. Qxc2 Rxc2 36. b4 d5 37. Nb7 h6 38. Nd6 Rd8 39. Rc1 Ra2 40.
Rc6 Be3 41. Rxa6 d4 42. Ne1 Bc4 43. Rf3 Ne7 44. a4 Bd5 45. Nxf7 Bxf7 46. Ra7
Bd5 47. Rxe3 dxe3 48. Rxe7 Rxa4 49. Be5 Bf7 50. Bc3 Ra3 51. Rxe3 Rc8 52. Bd4
Rxe3 53. Bxe3 Re8 54. Bf2 Re4 55. Nd3 Bc4 56. Nc5 Re2 57. Kg3 Rb2 58. Na6 Kf7
59. Bc5 Bd5 60. Bf2 Bb7 61. Nc5 Bd5 62. Na6 Ra2 63. Nc5 g6 64. h4 h5 65. Nd7
Ke6 66. Nf8+ Kf5 67. Nh7 Ra3+ 68. Kh2 Rb3 69. g4+ hxg4 0-1

[Event "Amager Aabne Klubmesterskab G1 2015"]
[Site "Sundbyoster"]
[Date "2015.03.03"]
[Round "4"]
[White "Lunding, Peter M"]
[Black "Petersen, Nils"]
[Result "1/2-1/2"]
[WhiteElo "1878"]
[BlackElo "1909"]
[PlyCount "88"]
[EventDate "2015.??.??"]

1. d4 Nf6 2. Nf3 e6 3. Bg5 c5 4. e3 h6 5. Bh4 cxd4 6. exd4 Be7 7. Bd3 b6 8. O-O
O-O 9. Nbd2 Bb7 10. c3 d6 11. Re1 Nbd7 12. Qc2 Rc8 13. Rad1 Re8 14. h3 Nd5 15.
Bxe7 Qxe7 16. Qb1 Nf4 17. Bf1 Nf8 18. g3 N4g6 19. Bd3 Qd7 20. Be4 Bxe4 21. Qxe4
e5 22. Kg2 d5 23. Qg4 f5 24. Qh5 e4 25. Nh2 Qf7 26. Kg1 Ne5 27. Qxf7+ Nxf7 28.
Ndf1 g6 29. Ne3 Red8 30. h4 h5 31. Ng2 Ne6 32. Nf1 Kf8 33. Nfe3 Ke7 34. Nf4
Nxf4 35. gxf4 Kd6 36. Kf1 Nh6 37. Ke2 Ng4 38. Rg1 b5 39. a3 a5 40. Nc2 Rc6 41.
Rb1 Kc7 42. Ra1 Nh2 43. Rh1 Nf3 44. Ke3 Rb6 1/2-1/2

[Event "Amager Aabne Klubmesterskab G1 2015"]
[Site "Sundbyoster"]
[Date "2015.03.03"]
[Round "4"]
[White "Varming, Thomas"]
[Black "Lontoft, Sven"]
[Result "1-0"]
[WhiteElo "1838"]
[BlackElo "1726"]
[PlyCount "113"]
[EventDate "2015.??.??"]

1. d4 Nf6 2. c4 g6 3. Nc3 d5 4. cxd5 Nxd5 5. e4 Nxc3 6. bxc3 Bg7 7. Bc4 O-O 8.
Ne2 c5 9. Be3 Qa5 10. O-O Nc6 11. Rb1 a6 12. a4 cxd4 13. cxd4 Qc7 14. Qc1 e6
15. Ba2 Qd7 16. Rd1 a5 17. d5 Nb4 18. dxe6 Qxa4 19. exf7+ Kh8 20. Bb3 Qc6 21.
Qd2 Be6 22. Nd4 Rad8 23. Bxe6 Qxe4 24. Qe2 Rxd4 25. Rxd4 Qxb1+ 26. Rd1 Qe4 27.
Qc4 Qxc4 28. Bxc4 Nc6 29. Bc5 Ra8 30. Re1 Ne5 31. Rxe5 Bxe5 32. f8=Q+ Rxf8 33.
Bxf8 Bb2 34. Kf1 a4 35. Ke2 a3 36. Kd3 b5 37. Ba2 h5 38. Kc2 g5 39. Kb3 g4 40.
Kb4 Be5 41. h3 gxh3 42. gxh3 Bb2 43. Kxb5 Kh7 44. Bb1+ Kg8 45. Bc5 Kf7 46. Kb4
Ke6 47. Kb3 Kd5 48. Be7 Ke6 49. Bh4 Kf7 50. Kc4 Ke6 51. Kd3 Kd5 52. f3 Kc5 53.
Ke4 Kc4 54. Ba2+ Kc3 55. Bf6+ Kc2 56. Bxb2 axb2 57. f4 1-0

[Event "Amager Aabne Klubmesterskab G1 2015"]
[Site "Sundbyoster"]
[Date "2015.03.17"]
[Round "5"]
[White "Brorsen, Jacob Abildlund"]
[Black "Varming, Thomas"]
[Result "1/2-1/2"]
[WhiteElo "2109"]
[BlackElo "1838"]
[PlyCount "78"]
[EventDate "2015.??.??"]

1. Nf3 Nf6 2. d4 d5 3. c4 c6 4. Nbd2 Bf5 5. g3 e6 6. Bg2 Nbd7 7. O-O h6 8. b3
Be7 9. Bb2 O-O 10. Ne5 Nxe5 11. dxe5 Nd7 12. e4 dxe4 13. Nxe4 Bxe4 14. Bxe4 Qc7
15. Qe2 Rfd8 16. Bc2 Nf8 17. Kg2 Bb4 18. a3 Bc5 19. Rad1 Rxd1 20. Rxd1 Rd8 21.
b4 Be7 22. Rb1 Nd7 23. Qe4 Nf8 24. Bc3 Qd7 25. h4 a6 26. a4 Qc7 27. h5 Rd7 28.
a5 Qc8 29. g4 Qd8 30. Rb3 Bh4 31. b5 cxb5 32. cxb5 Rd5 33. bxa6 bxa6 34. Rb6 g6
35. hxg6 Nxg6 36. Qb4 Qg5 37. Bxg6 Qxg6 38. Rb8+ Bd8 39. Qf4 Kg7 1/2-1/2

[Event "Amager Aabne Klubmesterskab G1 2015"]
[Site "Sundbyoster"]
[Date "2015.03.17"]
[Round "5"]
[White "Petersen, Nils"]
[Black "Frank Nielsen, Marie"]
[Result "0-1"]
[WhiteElo "1909"]
[BlackElo "1887"]
[PlyCount "68"]
[EventDate "2015.??.??"]

1. c4 Nf6 2. g3 g6 3. Bg2 Bg7 4. Nc3 O-O 5. e4 d6 6. Nge2 e5 7. O-O Na6 8. d3
c6 9. h3 Bd7 10. Be3 Qc8 11. Kh2 Nh5 12. Qd2 Nc5 13. d4 Na6 14. f4 f5 15. fxe5
dxe5 16. d5 Qd8 17. Bh6 Qe7 18. Bxg7 Qxg7 19. Rae1 Rf7 20. Bf3 Nf6 21. Nc1 Raf8
22. Qe2 Qh6 23. exf5 Bxf5 24. h4 e4 25. Nxe4 Bxe4 26. Bxe4 Ng4+ 27. Kg1 Rxf1+
28. Rxf1 Rxf1+ 29. Kxf1 Qxc1+ 30. Kg2 Ne3+ 31. Kf3 Nxc4 32. dxc6 Nd2+ 33. Kg2
Nxe4 34. cxb7 Qd2 0-1

[Event "Amager Aabne Klubmesterskab G1 2015"]
[Site "Sundbyoster"]
[Date "2015.03.17"]
[Round "5"]
[White "Lontoft, Sven"]
[Black "Moller, Arne Vagn"]
[Result "0-1"]
[WhiteElo "1726"]
[BlackElo "1816"]
[PlyCount "76"]
[EventDate "2015.??.??"]

1. c4 c5 2. Nc3 Nc6 3. g3 Nf6 4. Bg2 g6 5. e3 Bg7 6. Nge2 O-O 7. O-O e6 8. d4
cxd4 9. Nxd4 Nxd4 10. exd4 d5 11. cxd5 Nxd5 12. Nxd5 exd5 13. Qb3 Be6 14. Be3
Qd7 15. Rac1 Rac8 16. Qa3 a6 17. Rc5 Rfe8 18. Rxc8 Rxc8 19. b3 Rc2 20. Rc1 Qc6
21. Rxc2 Qxc2 22. h4 Qd1+ 23. Kh2 Bxd4 24. Qe7 Bxe3 25. fxe3 h5 26. Qxb7 Qe2
27. a4 Qxe3 28. Bxd5 Qd2+ 29. Bg2 a5 30. Qf3 Qb4 31. Qa8+ Kg7 32. Qd8 Bxb3 33.
Qg5 Qxa4 34. Qe5+ Kh7 35. Bf3 Qa2+ 36. Kg1 Qb1+ 37. Kh2 Qc2+ 38. Kg1 Qf5 0-1

[Event "Amager Aabne Klubmesterskab G1 2015"]
[Site "Sundbyoster"]
[Date "2015.03.24"]
[Round "6"]
[White "Moller, Arne Vagn"]
[Black "Brorsen, Jacob Abildlund"]
[Result "0-1"]
[WhiteElo "1816"]
[BlackElo "2109"]
[PlyCount "104"]
[EventDate "2015.??.??"]

1. e4 e5 2. Nf3 Nc6 3. Bb5 a6 4. Ba4 Nf6 5. O-O Be7 6. Bxc6 dxc6 7. Qe1 Nd7 8.
b3 c5 9. Bb2 Bf6 10. Nc3 O-O 11. Nd5 Re8 12. d3 a5 13. a4 c6 14. Nxf6+ Qxf6 15.
Nd2 Qh6 16. Nf3 Qh5 17. Qe3 h6 18. Nd2 g5 19. Nc4 Qg6 20. f3 b6 21. Qe2 b5 22.
Ne3 Nb6 23. Bc3 b4 24. Bb2 Ba6 25. Rad1 Rad8 26. Nc4 Bxc4 27. dxc4 Qe6 28. Qe3
Qe7 29. g3 Kh7 30. Rd3 Rxd3 31. cxd3 Nd7 32. f4 gxf4 33. gxf4 Rg8+ 34. Kh1 Rg7
35. Qh3 Qd6 36. fxe5 Qe6 37. Qf5+ Kg8 38. Rg1 Rxg1+ 39. Kxg1 Nf8 40. Kf2 Qe7
41. Qf6 Qe6 42. Kg3 Kh7 43. Qf5+ Qg6+ 44. Kf3 Ne6 45. h4 Kg8 46. Qxg6+ fxg6 47.
Kg4 Kf7 48. h5 gxh5+ 49. Kxh5 Nf4+ 50. Kxh6 Nxd3 51. e6+ Kxe6 52. Bg7 Nc1 0-1

[Event "Amager Aabne Klubmesterskab G1 2015"]
[Site "Sundbyoster"]
[Date "2015.03.24"]
[Round "6"]
[White "Varming, Thomas"]
[Black "Petersen, Nils"]
[Result "1-0"]
[WhiteElo "1838"]
[BlackElo "1909"]
[PlyCount "101"]
[EventDate "2015.??.??"]

1. d4 Nf6 2. Nf3 e6 3. Bf4 c5 4. e3 Qb6 5. Nc3 cxd4 6. exd4 a6 7. a3 d6 8. Bd3
Be7 9. O-O O-O 10. b4 Nbd7 11. Ne2 Qc7 12. c4 e5 13. Bg5 h6 14. Bxf6 Nxf6 15.
Ng3 Bg4 16. Re1 Rae8 17. dxe5 dxe5 18. h3 Bxf3 19. Qxf3 g6 20. Qe3 Kg7 21. Rad1
Nd7 22. c5 f5 23. Bb1 Bf6 24. Bxf5 Bg5 25. Qd3 Nxc5 26. bxc5 gxf5 27. Nxf5+ Kh8
28. Nd6 Re6 29. Qd5 Ref6 30. Ne4 Rf5 31. Rb1 R5f7 32. Qd6 Qxd6 33. cxd6 Rd7 34.
Nxg5 hxg5 35. Rxe5 Rxd6 36. Rxg5 b5 37. Rb4 Rff6 38. Rh4+ Rh6 39. Rhg4 Rhf6 40.
Rg8+ Kh7 41. R4g7+ Kh6 42. g4 Rg6 43. Rxg6+ Rxg6 44. Rxg6+ Kxg6 45. Kf1 Kg5 46.
Ke2 Kf4 47. Kd3 a5 48. Kd4 Kg5 49. Kc5 b4 50. axb4 a4 51. Kc4 1-0

[Event "Amager Aabne Klubmesterskab G1 2015"]
[Site "Sundbyoster"]
[Date "2015.03.24"]
[Round "6"]
[White "Lunding, Peter M"]
[Black "Frank Nielsen, Marie"]
[Result "1-0"]
[WhiteElo "1878"]
[BlackElo "1887"]
[PlyCount "97"]
[EventDate "2015.??.??"]

1. d4 Nf6 2. Nf3 g6 3. Bg5 Bg7 4. Nbd2 O-O 5. e4 d6 6. Bd3 Nc6 7. c3 e5 8. dxe5
Nxe5 9. Nxe5 dxe5 10. Qe2 c6 11. O-O Qc7 12. Nf3 a6 13. Rfd1 b5 14. Rd2 Nh5 15.
Rad1 Be6 16. Bb1 c5 17. Ne1 h6 18. Be3 Nf6 19. f3 Rfc8 20. Qf2 c4 21. Nc2 a5
22. a3 Nd7 23. Kf1 Nc5 24. Bxc5 Qxc5 25. Rd8+ Qf8 26. Rxf8+ Bxf8 27. Ne3 Bc5
28. Qe2 b4 29. Ba2 b3 30. Bb1 Bf8 31. Nd5 Ra6 32. Qe3 Kg7 33. f4 Bc5 34. Qe2
exf4 35. Nxf4 Re8 36. Nxe6+ Raxe6 37. Qxc4 Rf6+ 38. Ke1 Bg1 39. h3 Bf2+ 40. Ke2
Bg3 41. Rf1 Rfe6 42. Rf3 Bd6 43. Qxb3 Rb8 44. Qc2 f5 45. Qd2 fxe4 46. Rf1 Bc5
47. b4 e3 48. Qd5 Rbb6 49. Qxc5 1-0

[Event "Amager Aabne Klubmesterskab G1 2015"]
[Site "Sundbyoster"]
[Date "2015.03.24"]
[Round "6"]
[White "Hansen, John Laurids"]
[Black "Lontoft, Sven"]
[Result "0-1"]
[WhiteElo "1812"]
[BlackElo "1726"]
[PlyCount "94"]
[EventDate "2015.??.??"]

1. e4 d5 2. exd5 Qxd5 3. Nc3 Qa5 4. d4 Nf6 5. Bd2 c6 6. Bc4 Qc7 7. h3 Bf5 8.
Nf3 e6 9. O-O Nbd7 10. Re1 O-O-O 11. a4 h6 12. Qb1 Bb4 13. Nd1 Bxd2 14. Nxd2
Nb6 15. Ne3 Rxd4 16. Qc1 Rhd8 17. Rd1 Qd7 18. Nxf5 Rxd2 19. Ne7+ Kb8 20. Rxd2
Qxd2 21. Qf1 Qd7 22. Nxc6+ Qxc6 23. Bb5 Qxc2 24. a5 Nbd5 25. Rc1 Qxb2 26. Rb1
Qe5 27. Bc6 b6 28. axb6 Nxb6 29. Qa6 Qc7 30. Bf3 Nfd5 31. g3 Ka8 32. Kg2 Rb8
33. Qb5 Qd6 34. Ra1 Qd7 35. Qb2 f6 36. Qa2 Rc8 37. Qa5 Kb8 38. Rb1 Qd6 39. Ra1
Rc7 40. Qb5 Qc6 41. Qa5 Qc5 42. Qe1 e5 43. Rb1 Kc8 44. Qe4 Kd8 45. Rd1 Rd7 46.
Ra1 Qd4 47. Qf5 Qxa1 0-1

[Event "Amager Aabne Klubmesterskab G1 2015"]
[Site "Sundbyoster"]
[Date "2015.04.07"]
[Round "7"]
[White "Brorsen, Jacob Abildlund"]
[Black "Hansen, John Laurids"]
[Result "1/2-1/2"]
[WhiteElo "2109"]
[BlackElo "1812"]
[PlyCount "50"]
[EventDate "2015.??.??"]

1. c4 e5 2. Nc3 Nf6 3. g3 c6 4. d4 exd4 5. Qxd4 d5 6. Nf3 Be7 7. Bg2 c5 8. Qf4
d4 9. Ne4 Nc6 10. Ne5 Nxe5 11. Qxe5 Nxe4 12. Bxe4 O-O 13. O-O Re8 14. Qh5 g6
15. Qf3 Rb8 16. Bh6 Bg5 17. Bxg5 Qxg5 18. h4 Qg4 19. Qxg4 Bxg4 20. f3 Re5 21.
Rac1 Bf5 22. Bxf5 Rxf5 23. Rfd1 Re8 24. Rc2 Rfe5 25. Kf2 f5 1/2-1/2

[Event "Amager Aabne Klubmesterskab G1 2015"]
[Site "Sundbyoster"]
[Date "2015.04.07"]
[Round "7"]
[White "Lontoft, Sven"]
[Black "Lunding, Peter M"]
[Result "1/2-1/2"]
[WhiteElo "1726"]
[BlackElo "1878"]
[PlyCount "41"]
[EventDate "2015.??.??"]

1. e4 e6 2. d4 d5 3. exd5 exd5 4. Bd3 Bd6 5. Nc3 Ne7 6. Nge2 Nbc6 7. O-O O-O 8.
Re1 Re8 9. Nb5 Bf5 10. Nxd6 Qxd6 11. Bf4 Qd7 12. Bb5 a6 13. Ba4 Ng6 14. Qd2
Nxf4 15. Nxf4 b5 16. Bb3 Ne7 17. Re5 c6 18. Rae1 f6 19. R5e3 Bg6 20. Nxg6 Nxg6
21. Rxe8+ 1/2-1/2

[Event "Amager Aabne Klubmesterskab G1 2015"]
[Site "Sundbyoster"]
[Date "2015.04.07"]
[Round "7"]
[White "Petersen, Nils"]
[Black "Moller, Arne Vagn"]
[Result "1-0"]
[WhiteElo "1909"]
[BlackElo "1816"]
[PlyCount "55"]
[EventDate "2015.??.??"]

1. c4 c5 2. g3 g6 3. Bg2 Bg7 4. Nc3 Nc6 5. Nf3 Nf6 6. d4 cxd4 7. Nxd4 O-O 8.
O-O Nxd4 9. Qxd4 d6 10. Qd3 a6 11. b3 Nd7 12. Bb2 Rb8 13. Qd2 b5 14. cxb5 axb5
15. Nd5 Bxb2 16. Qxb2 Bb7 17. e4 Bxd5 18. exd5 Nf6 19. a3 Qb6 20. Rfe1 Rfe8 21.
Rac1 Qb7 22. Rc6 Rbc8 23. Rec1 Rxc6 24. dxc6 Qc7 25. a4 bxa4 26. bxa4 Rb8 27.
Qxb8+ Qxb8 28. c7 1-0